LEADER 01305nam0 22002773i 450 001 VAN00262841 005 20250910020251.245 010 $a978-06-912202-5-3 100 $a20230904d2022 |0itac50 ba 101 $aeng 102 $aUS 105 $a|||| ||||| 200 1 $aFlight dynamics$fRobert F. Stengel 205 $a2. ed 210 $aPrinceton$cPrinceton University$d2022 215 $aXVI, 894 p.$cill.$d26 cm 620 $aUS$dPrinceton$3VANL000078 700 1$aStengel$bRobert F.$3VANV039479$059100 712 $aPrinceton university $3VANV108175$4650 801 $aIT$bSOL$c20250912$gRICA 856 4 $uhttps://books.google.it/books?id=pPdlEAAAQBAJ&pg=PP1&dq=Flight+dynamics+/+Robert+F.+Stengel.+-&hl=it&newbks=1&newbks_redir=1&sa=X&ved=2ahUKEwip3uDc8KSBAxUdQvEDHWnTAx8QuwV6BAgNEAk$zhttps://books.google.it/books?id=pPdlEAAAQBAJ&pg=PP1&dq=Flight+dynamics+/+Robert+F.+Stengel.+-&hl=it&newbks=1&newbks_redir=1&sa=X&ved=2ahUKEwip3uDc8KSBAxUdQvEDHWnTAx8QuwV6BAgNEAk 899 $aBIBLIOTECA DEL DIPARTIMENTO DI INGEGNERIA$1IT-CE0100$2VAN05 912 $aVAN00262841 950 $aBIBLIOTECA DEL DIPARTIMENTO DI INGEGNERIA$d05PREST C 252 $e05UBI1923 20230904 996 $aFlight dynamics$9242191 997 $aUNICAMPANIA LEADER 02230nam0 22004573i 450 001 VAN00255899 005 20240806101445.628 017 70$2N$a9783540470106 100 $a20230316d1973 |0itac50 ba 101 $aeng 102 $aDE 105 $a|||| ||||| 200 1 $aˆThe ‰Metrical Theory of Jacobi-Perron Algorithm$fFritz Schweiger 210 $aBerlin$cSpringer$d1973 215 $a111 p.$d24 cm 461 1$1001VAN00102250$12001 $aLecture notes in mathematics$1210 $aBerlin [etc.]$cSpringer$v334 606 $a11-XX$xNumber theory [MSC 2020]$3VANC019688$2MF 606 $a11A63$xRadix representation; digital problems [MSC 2020]$3VANC021429$2MF 606 $a11J70$xContinued fractions and generalizations [MSC 2020]$3VANC021430$2MF 606 $a11K16$xNormal numbers, radix expansions, Pisot numbers, Salem numbers, good lattice points, etc. [MSC 2020]$3VANC035407$2MF 606 $a28A10$xReal- or complex-valued set functions [MSC 2020]$3VANC022385$2MF 606 $a28A75$xLength, area, volume, other geometric measure theory [MSC 2020]$3VANC021494$2MF 606 $a28C10$xSet functions and measures on topological groups, Haar measures, invariant measures [MSC 2020]$3VANC021612$2MF 606 $a28D05$xMeasure-preserving transformations [MSC 2020]$3VANC022530$2MF 610 $aAlgorithms$9KW:K 610 $aInvariants$9KW:K 610 $aJacobi-Perron algorithm$9KW:K 610 $aProofs$9KW:K 610 $aTheorem$9KW:K 620 $dBerlin$3VANL000066 700 1$aSchweiger$bFritz$3VANV040435$0441282 712 $aSpringer $3VANV108073$4650 790 1$aSchweiger, F.$zSchweiger, Fritz$3VANV259137 801 $aIT$bSOL$c20260320$gRICA 856 4 $uhttps://doi.org/10.1007/BFb0059845$zE-book ? Accesso al full-text attraverso riconoscimento IP di Ateneo, proxy e/o Shibboleth 899 $aBIBLIOTECA DEL DIPARTIMENTO DI MATEMATICA E FISICA$1IT-CE0120$2VAN08 912 $fN 912 $aVAN00255899 950 $aBIBLIOTECA DEL DIPARTIMENTO DI MATEMATICA E FISICA$d08DLOAD e-book 5744 $e08eMF5744 20230328 996 $aMetrical theory of Jacobi-Perron algorithm$981429 997 $aUNICAMPANIA